000 00987nam a2200301 i 4500
003 EG-GICUC
005 20260427120912.0
008 260427s1908 fr fr|||| 001 0 fre d
040 _aEG-GiCUC
_bfre
_cEG-GiCUC
_dEG-GiCUC
_eRda
041 0 _afre
082 0 4 _221
_a343.5
_bGR . D
092 0 4 _221
099 _aLaw1 10 343.5 GR . D 1 ed - 1908
100 1 _a Grandmoulin, J.
_eAuteur
245 _a Le droit pénal égyptien indigène ,
_c par J. Grandmoulin/
_nTOME SECOND.
264 _aLe Caire :
_b Imprimerie Nationale,
_c1908.
300 _a605 page :
_billustration ;
_c 24 cm.
336 _2rda contenu
_a texte
337 _2rda medias
_aOrdinateur
338 _2 transporteur rda
_a Ressource en ligne
504 _aComprend des références bibliographiques.
546 _aTexte en français
650 1 4 _aDroit pénal
_2qrmak
651 1 _2qrmak
856 4 0 _uhttps://fll.law.cu.edu.eg/fulltext/bks/B10-11962.pdf
905 _a171
942 _2ddc
_cBK
_e21
_n0
999 _c73672
_d73672